000 00583nam a2200193Ia 4500
008 151121s9999||||xx |||||||||||||| ||und||
082 _a812/पै
082 _bHNW-36478
100 _aपै शिरीष
245 _aझपाटलेली
260 _b"परच्जारे प्रकाशन मंदिर,गिरगाव-मुंबई"
260 _c--
300 _a60
600 _aपै शिरीष
630 _aझपाटलेली
700 _aपै शिरीष
730 _aझपाटलेली
942 _cBOOK
999 _c1228353
_d1228350